[Event "DEM U16 2019"]
[Site "Willingen GER"]
[Date "2019.06.12"]
[Round "6"]
[White "Wachinger, Nikolas"]
[Black "Woelk, Tom-Frederic"]
[Result "1/2-1/2"]
[Termination "normal"]
[Board "3"]
[WhiteElo "2311"]
[BlackElo "2239"]
[WhiteClock "00:10:14"]
[BlackClock "00:04:00"]
[PlyCount "119"]
[WhiteFideId "12962791"]
[BlackFideId "12993077"]
[EventCountry "GER"]
[EventRounds "9"]
[EventType "swiss"]
[EventDate "2019.06.08"]

1. e4 {[%clk 1:30:56]} 1... e5 {[%clk 1:30:47]} 2. Nf3 {[%clk 1:30:43]} 2...
Nc6 {[%clk 1:31:13]} 3. Bb5 {[%clk 1:30:24]} 3... Nge7 {[%clk 1:31:39]} 4. c3 {
[%clk 1:29:00]} 4... g6 {[%clk 1:31:34]} 5. d4 {[%clk 1:29:21]} 5... exd4 {
[%clk 1:31:58]} 6. cxd4 {[%clk 1:29:45]} 6... Bg7 {[%clk 1:31:35]} 7. d5 {
[%clk 1:27:22]} 7... a6 {[%clk 1:30:15]} 8. Be2 {[%clk 1:23:45]} 8... Ne5 {
[%clk 1:28:30]} 9. Nxe5 {[%clk 1:23:10]} 9... Bxe5 {[%clk 1:28:57]} 10. Nc3 {
[%clk 1:22:52]} 10... d6 {[%clk 1:23:42]} 11. Be3 {[%clk 1:16:33]} 11... O-O {
[%clk 1:13:08]} 12. O-O {[%clk 1:15:12]} 12... f5 {[%clk 1:07:15]} 13. Bd4 {
[%clk 1:14:09]} 13... Bxd4 {[%clk 0:59:15]} 14. Qxd4 {[%clk 1:14:13]} 14... g5
{[%clk 0:59:07]} 15. Bh5 {[%clk 1:07:02]} 15... Bd7 {[%clk 0:53:16]} 16. e5 {
[%clk 0:56:24]} 16... Be8 {[%clk 0:50:26]} 17. Bxe8 {[%clk 0:56:01]} 17... Rxe8
{[%clk 0:49:50]} 18. f4 {[%clk 0:33:21]} 18... gxf4 {[%clk 0:34:56]} 19. Qxf4 {
[%clk 0:31:53]} 19... Ng6 {[%clk 0:34:54]} 20. Qxf5 {[%clk 0:31:00]} 20... Rxe5
{[%clk 0:34:54]} 21. Qf7+ {[%clk 0:28:25]} 21... Kh8 {[%clk 0:35:18]} 22. Rae1
{[%clk 0:26:58]} 22... Rxe1 {[%clk 0:29:09]} 23. Rxe1 {[%clk 0:27:26]} 23...
Qh4 {[%clk 0:29:32]} 24. Qf2 {[%clk 0:16:43]} 24... Qxf2+ {[%clk 0:28:12]} 25.
Kxf2 {[%clk 0:17:10]} 25... Kg7 {[%clk 0:27:42]} 26. Re6 {[%clk 0:13:46]} 26...
Rf8+ {[%clk 0:27:39]} 27. Ke3 {[%clk 0:13:39]} 27... Rf1 {[%clk 0:16:52]} 28.
Re4 {[%clk 0:13:39]} 28... Ne5 {[%clk 0:16:30]} 29. Rb4 {[%clk 0:12:52]} 29...
b5 {[%clk 0:12:53]} 30. a4 {[%clk 0:12:57]} 30... Re1+ {[%clk 0:11:19]} 31. Ne2
{[%clk 0:11:51]} 31... bxa4 {[%clk 0:08:54]} 32. Rxa4 {[%clk 0:12:00]} 32... a5
{[%clk 0:08:39]} 33. b4 {[%clk 0:11:33]} 33... axb4 {[%clk 0:07:07]} 34. Rxb4 {
[%clk 0:11:52]} 34... Rd1 {[%clk 0:05:51]} 35. Nf4 {[%clk 0:10:46]} 35... Kf6 {
[%clk 0:05:46]} 36. Rb7 {[%clk 0:10:10]} 36... Ng4+ {[%clk 0:03:29]} 37. Ke2 {
[%clk 0:10:20]} 37... Rd4 {[%clk 0:03:24]} 38. g3 {[%clk 0:10:40]} 38... Rc4 {
[%clk 0:02:01]} 39. h3 {[%clk 0:11:01]} 39... Nh6 {[%clk 0:00:49]} 40. Ne6 {
[%clk 0:10:37]} 40... Nf5 {[%clk 0:00:42]} 41. g4 {[%clk 0:07:36]} 41... Ng7 {
[%clk 0:26:05]} 42. Kd3 {[%clk 0:34:04]} 42... Rc1 {[%clk 0:25:58]} 43. Rxc7 {
[%clk 0:33:02]} 43... Rxc7 {[%clk 0:25:41]} 44. Nxc7 {[%clk 0:33:30]} 44... h5
{[%clk 0:25:57]} 45. Kc4 {[%clk 0:33:26]} 45... hxg4 {[%clk 0:26:21]} 46. hxg4
{[%clk 0:33:53]} 46... Kg6 {[%clk 0:09:51]} 47. Ne6 {[%clk 0:32:25]} 47... Ne8
{[%clk 0:10:13]} 48. g5 {[%clk 0:32:50]} 48... Kf5 {[%clk 0:07:36]} 49. Kb5 {
[%clk 0:33:12]} 49... Ke4 {[%clk 0:07:46]} 50. Kc6 {[%clk 0:33:37]} 50... Ke5 {
[%clk 0:08:08]} 51. Nd8 {[%clk 0:31:01]} 51... Ng7 {[%clk 0:06:42]} 52. Nf7+ {
[%clk 0:29:28]} 52... Kf5 {[%clk 0:07:05]} 53. Kxd6 {[%clk 0:29:32]} 53... Kg6
{[%clk 0:07:31]} 54. Ke7 {[%clk 0:23:50]} 54... Nf5+ {[%clk 0:07:32]} 55. Kf8 {
[%clk 0:21:41]} 55... Kh5 {[%clk 0:07:10]} 56. Nh6 {[%clk 0:20:36]} 56... Nd4 {
[%clk 0:03:25]} 57. d6 {[%clk 0:19:54]} 57... Kxg5 {[%clk 0:03:44]} 58. Nf7+ {
[%clk 0:15:34]} 58... Kf6 {[%clk 0:04:10]} 59. Ke8 {[%clk 0:12:37]} 59... Nb5 {
[%clk 0:04:00]} 60. d7 {[%clk 0:10:14]} 1/2-1/2

[Event "DEM U16 2019"]
[Site "Willingen GER"]
[Date "2019.06.12"]
[Round "6"]
[White "Post, Hugo"]
[Black "Nguyen, Alex Dac-Vuong"]
[Result "0-1"]
[Termination "normal"]
[Board "4"]
[WhiteElo "2113"]
[BlackElo "2287"]
[WhiteClock "00:18:14"]
[BlackClock "00:46:03"]
[PlyCount "60"]
[WhiteFideId "12962490"]
[BlackFideId "12984388"]
[EventCountry "GER"]
[EventRounds "9"]
[EventType "swiss"]
[EventDate "2019.06.08"]

1. e4 {[%clk 1:30:58]} 1... e6 {[%clk 1:30:52]} 2. d4 {[%clk 1:31:21]} 2... d5
{[%clk 1:31:16]} 3. Nd2 {[%clk 1:31:44]} 3... Nf6 {[%clk 1:31:40]} 4. e5 {
[%clk 1:32:07]} 4... Nfd7 {[%clk 1:32:04]} 5. Bd3 {[%clk 1:32:30]} 5... c5 {
[%clk 1:32:28]} 6. c3 {[%clk 1:32:53]} 6... Nc6 {[%clk 1:32:54]} 7. Ne2 { [%clk
1:33:14]} 7... cxd4 {[%clk 1:33:18]} 8. cxd4 {[%clk 1:33:36]} 8... f6 { [%clk
1:33:43]} 9. exf6 {[%clk 1:33:58]} 9... Nxf6 {[%clk 1:34:08]} 10. O-O { [%clk
1:34:20]} 10... Bd6 {[%clk 1:34:32]} 11. Nf3 {[%clk 1:34:31]} 11... Qc7 { [%clk
1:34:55]} 12. Nc3 {[%clk 1:34:42]} 12... a6 {[%clk 1:35:19]} 13. Bd2 { [%clk
1:34:54]} 13... O-O {[%clk 1:34:38]} 14. h3 {[%clk 1:34:39]} 14... Nh5 { [%clk
1:30:10]} 15. Ne5 {[%clk 1:13:36]} 15... Nf4 {[%clk 1:18:42]} 16. Bxf4 { [%clk
1:11:34]} 16... Rxf4 {[%clk 1:19:05]} 17. Nxc6 {[%clk 1:11:54]} 17... bxc6
{[%clk 1:15:55]} 18. Rc1 {[%clk 1:11:43]} 18... g6 {[%clk 1:11:37]} 19. Qa4
{[%clk 1:04:26]} 19... Bb7 {[%clk 1:06:46]} 20. Ne2 {[%clk 0:51:21]} 20... Rf7
{[%clk 1:04:49]} 21. h4 {[%clk 0:42:01]} 21... Raf8 {[%clk 1:01:11]} 22. g3
{[%clk 0:37:30]} 22... Rf3 {[%clk 0:59:20]} 23. Qd1 {[%clk 0:36:14]} 23... Qf7
{[%clk 0:59:17]} 24. Bb1 {[%clk 0:23:53]} 24... Rxf2 {[%clk 0:52:44]} 25. Qe1 {
[%clk 0:23:48]} 25... Rxf1+ {[%clk 0:51:46]} 26. Qxf1 {[%clk 0:24:14]} 26...
Qe7 {[%clk 0:51:52]} 27. Qe1 {[%clk 0:21:42]} 27... c5 {[%clk 0:48:07]} 28. Qc3
{[%clk 0:20:21]} 28... Qf6 {[%clk 0:46:09]} 29. Qe3 {[%clk 0:20:01]} 29... cxd4
{[%clk 0:46:28]} 30. Qxd4 {[%clk 0:18:14]} 30... Qf3 {[%clk 0:46:03]} 0-1

[Event "DEM U16 2019"]
[Site "Willingen GER"]
[Date "2019.06.12"]
[Round "6"]
[White "Fromm, Marius"]
[Black "Rietschel, Tilo"]
[Result "1-0"]
[Termination "normal"]
[Board "9"]
[WhiteElo "2038"]
[BlackElo "2005"]
[WhiteClock "00:40:01"]
[BlackClock "00:19:37"]
[PlyCount "47"]
[WhiteFideId "12993190"]
[BlackFideId "16208390"]
[EventCountry "GER"]
[EventRounds "9"]
[EventType "swiss"]
[EventDate "2019.06.08"]

1. Nf3 {[%clk 1:30:57]} 1... Nf6 {[%clk 1:30:48]} 2. c4 {[%clk 1:31:24]} 2...
g6 {[%clk 1:30:58]} 3. Nc3 {[%clk 1:31:49]} 3... Bg7 {[%clk 1:31:23]} 4. g3 {
[%clk 1:32:14]} 4... O-O {[%clk 1:31:43]} 5. Bg2 {[%clk 1:32:41]} 5... d6 {
[%clk 1:31:53]} 6. d4 {[%clk 1:33:04]} 6... Nbd7 {[%clk 1:32:08]} 7. O-O {
[%clk 1:33:21]} 7... e5 {[%clk 1:32:24]} 8. e4 {[%clk 1:33:35]} 8... c6 { [%clk
1:31:48]} 9. h3 {[%clk 1:32:35]} 9... exd4 {[%clk 1:31:59]} 10. Nxd4 { [%clk
1:32:59]} 10... Re8 {[%clk 1:32:02]} 11. Re1 {[%clk 1:28:19]} 11... a5 { [%clk
1:28:44]} 12. Be3 {[%clk 1:23:03]} 12... Nc5 {[%clk 1:23:41]} 13. Qc2 { [%clk
1:22:26]} 13... Nfd7 {[%clk 1:16:00]} 14. Rad1 {[%clk 1:16:13]} 14... Nb6
{[%clk 1:12:00]} 15. Nb3 {[%clk 1:04:50]} 15... Ne6 {[%clk 1:07:34]} 16. c5 {
[%clk 0:59:19]} 16... Nc4 {[%clk 1:05:01]} 17. Na4 {[%clk 0:57:38]} 17... b5 {
[%clk 0:51:08]} 18. cxb6 {[%clk 0:57:34]} 18... Ba6 {[%clk 0:49:19]} 19. Bc1 {
[%clk 0:49:20]} 19... Rb8 {[%clk 0:40:25]} 20. Nac5 {[%clk 0:43:21]} 20... Nxc5
{[%clk 0:25:09]} 21. Nxc5 {[%clk 0:43:43]} 21... Qxb6 {[%clk 0:23:38]} 22. Nxa6
{[%clk 0:39:46]} 22... Qxa6 {[%clk 0:23:48]} 23. Bf1 {[%clk 0:40:00]} 23... d5
{[%clk 0:19:37]} 24. b3 {[%clk 0:40:01]} 1-0

[Event "DEM U16 2019"]
[Site "Willingen GER"]
[Date "2019.06.12"]
[Round "6"]
[White "Röhr, Tobias"]
[Black "Gutkin, Ilya"]
[Result "0-1"]
[Termination "normal"]
[Board "10"]
[WhiteElo "2208"]
[BlackElo "2041"]
[WhiteClock "00:18:31"]
[BlackClock "00:09:32"]
[PlyCount "64"]
[WhiteFideId "12963089"]
[BlackFideId "16203470"]
[EventCountry "GER"]
[EventRounds "9"]
[EventType "swiss"]
[EventDate "2019.06.08"]

1. d4 {[%clk 1:30:58]} 1... e6 {[%clk 1:30:43]} 2. c4 {[%clk 1:31:23]} 2...
Bb4+ {[%clk 1:31:09]} 3. Nd2 {[%clk 1:31:41]} 3... c5 {[%clk 1:29:57]} 4. a3 {
[%clk 1:31:59]} 4... Bxd2+ {[%clk 1:30:22]} 5. Qxd2 {[%clk 1:32:24]} 5... cxd4
{[%clk 1:30:40]} 6. Nf3 {[%clk 1:32:43]} 6... Nf6 {[%clk 1:31:04]} 7. Nxd4 {
[%clk 1:32:54]} 7... d5 {[%clk 1:25:35]} 8. e3 {[%clk 1:24:53]} 8... O-O {
[%clk 1:23:34]} 9. cxd5 {[%clk 1:24:50]} 9... Qxd5 {[%clk 1:21:05]} 10. Nb5 {
[%clk 1:24:51]} 10... Qxd2+ {[%clk 1:13:35]} 11. Bxd2 {[%clk 1:25:01]} 11...
Nc6 {[%clk 1:13:34]} 12. Be2 {[%clk 1:12:44]} 12... Ne4 {[%clk 1:02:36]} 13.
Bb4 {[%clk 1:10:43]} 13... Nxb4 {[%clk 0:53:10]} 14. axb4 {[%clk 1:11:10]}
14... a6 {[%clk 0:51:47]} 15. Nc7 {[%clk 1:05:10]} 15... Rb8 {[%clk 0:51:07]}
16. Rd1 {[%clk 1:01:38]} 16... Nf6 {[%clk 0:47:25]} 17. b5 {[%clk 0:56:42]}
17... Bd7 {[%clk 0:45:41]} 18. b6 {[%clk 0:48:44]} 18... Bc6 {[%clk 0:41:14]}
19. Bf3 {[%clk 0:46:15]} 19... Bxf3 {[%clk 0:41:08]} 20. gxf3 {[%clk 0:46:39]}
20... Rfd8 {[%clk 0:40:31]} 21. Ke2 {[%clk 0:42:38]} 21... Kf8 {[%clk 0:36:24]}
22. f4 {[%clk 0:36:28]} 22... g6 {[%clk 0:31:40]} 23. Rd4 {[%clk 0:32:37]}
23... Rxd4 {[%clk 0:30:37]} 24. exd4 {[%clk 0:33:04]} 24... Rd8 {[%clk 0:30:07]
} 25. Rc1 {[%clk 0:31:55]} 25... Ke7 {[%clk 0:27:35]} 26. Rc4 {[%clk 0:30:08]}
26... Kd6 {[%clk 0:21:38]} 27. Kd3 {[%clk 0:17:57]} 27... Nd7 {[%clk 0:18:54]}
28. Rb4 {[%clk 0:18:20]} 28... Kc6 {[%clk 0:17:24]} 29. Ke4 {[%clk 0:17:28]}
29... Nxb6 {[%clk 0:16:36]} 30. Nxe6 {[%clk 0:17:54]} 30... fxe6 { [%clk
0:16:13]} 31. Ke5 {[%clk 0:18:20]} 31... Re8 {[%clk 0:10:17]} 32. h4 { [%clk
0:18:31]} 32... Nd7+ {[%clk 0:09:32]} 0-1

[Event "DEM U16 2019"]
[Site "Willingen GER"]
[Date "2019.06.12"]
[Round "6"]
[White "Huber, Benedikt"]
[Black "Pahl, Erik"]
[Result "1-0"]
[Termination "normal"]
[Board "12"]
[WhiteElo "2051"]
[BlackElo "2113"]
[WhiteClock "00:16:40"]
[BlackClock "00:47:54"]
[PlyCount "67"]
[WhiteFideId "12923583"]
[BlackFideId "16201272"]
[EventCountry "GER"]
[EventRounds "9"]
[EventType "swiss"]
[EventDate "2019.06.08"]

1. d4 {[%clk 1:30:57]} 1... Nf6 {[%clk 1:30:47]} 2. c4 {[%clk 1:31:20]} 2... g6
{[%clk 1:31:13]} 3. Nf3 {[%clk 1:31:44]} 3... Bg7 {[%clk 1:31:38]} 4. g3 {
[%clk 1:32:09]} 4... d6 {[%clk 1:32:00]} 5. Bg2 {[%clk 1:32:34]} 5... O-O {
[%clk 1:32:24]} 6. O-O {[%clk 1:32:58]} 6... Nc6 {[%clk 1:32:49]} 7. Nc3 {
[%clk 1:33:19]} 7... e5 {[%clk 1:33:13]} 8. h3 {[%clk 1:29:51]} 8... exd4 {
[%clk 1:20:08]} 9. Nxd4 {[%clk 1:28:59]} 9... Nxd4 {[%clk 1:19:45]} 10. Qxd4 {
[%clk 1:29:21]} 10... Nd7 {[%clk 1:19:51]} 11. Qd1 {[%clk 1:28:34]} 11... Nc5 {
[%clk 1:19:46]} 12. Be3 {[%clk 1:28:10]} 12... Bxc3 {[%clk 1:15:17]} 13. bxc3 {
[%clk 1:28:21]} 13... Rb8 {[%clk 1:14:29]} 14. Bh6 {[%clk 1:12:42]} 14... Re8 {
[%clk 1:14:17]} 15. Qd4 {[%clk 1:13:07]} 15... f6 {[%clk 1:14:29]} 16. f4 {
[%clk 1:12:29]} 16... Ne6 {[%clk 1:10:59]} 17. Qxa7 {[%clk 1:07:56]} 17... Bd7
{[%clk 1:09:25]} 18. Qf2 {[%clk 1:08:02]} 18... Nc5 {[%clk 1:07:52]} 19. g4 {
[%clk 1:04:35]} 19... Qe7 {[%clk 1:02:04]} 20. f5 {[%clk 0:51:36]} 20... gxf5 {
[%clk 0:59:47]} 21. Qh4 {[%clk 0:40:27]} 21... Qf7 {[%clk 0:53:11]} 22. Bd5 {
[%clk 0:32:07]} 22... Be6 {[%clk 0:53:18]} 23. Rxf5 {[%clk 0:32:31]} 23... Nd7
{[%clk 0:50:26]} 24. Raf1 {[%clk 0:26:19]} 24... Bxd5 {[%clk 0:49:54]} 25. cxd5
{[%clk 0:25:01]} 25... Re5 {[%clk 0:48:52]} 26. Rxe5 {[%clk 0:20:34]} 26...
dxe5 {[%clk 0:49:05]} 27. e4 {[%clk 0:16:32]} 27... Qg6 {[%clk 0:47:21]} 28.
Rf5 {[%clk 0:15:02]} 28... Ra8 {[%clk 0:47:12]} 29. Bg5 {[%clk 0:15:02]} 29...
Ra6 {[%clk 0:47:27]} 30. Bxf6 {[%clk 0:15:17]} 30... Nxf6 {[%clk 0:46:48]} 31.
Rg5 {[%clk 0:15:40]} 31... Nxe4 {[%clk 0:47:02]} 32. Rxg6+ {[%clk 0:16:06]}
32... hxg6 {[%clk 0:47:28]} 33. Qd8+ {[%clk 0:16:25]} 33... Kg7 {[%clk 0:47:54]
} 34. Qxc7+ {[%clk 0:16:40]} 1-0